00628nam a2200193 a 450000100100000000500170001000800410002704000250006808200150009310000390010824500330014726000590018030000200023949000120025983000180027104900090028995201190029899900170041700002545620200930023812.0110216s1978 ve r 000 j spa d aDO-SdBNPbspacBNPHU aNNNbM775t1 aMontejo, Eugeniod1938-200895207010aTerredad /cEugenio Montejo. aCaracas, (Venezuela) :bMonte Ávila Editores,c1978. a70 p. ;c20 cm.1 aAltazor 0aAltazor98724 aBNGR 001054708MOaGRbGRcCTd2011-02-16iLF1l0oNNN M775tp25456-10r2020-06-25w2020-06-25y4ZPréstamo en sala c24948d24948